[Event "2. AUT Bundesliga 2020-21"]
[Site "Graz"]
[Date "2021.04.10"]
[Round "4.11"]
[White "Raber, Florian"]
[Black "Wendl, Philipp"]
[Result "1-0"]
[WhiteElo "2128"]
[BlackElo "1942"]
[Annotator "NA"]
[PlyCount "71"]
[EventDate "2021.01.17"]
[EventType "team-tourn"]
[EventCountry "AUT"]
[SourceTitle "playchess.com"]
[Source "ChessBase"]
[SourceQuality "1"]
[TimeControl "40/5400+30:1800+30"]

1. d4 {[%emt 0:00:00]} d5 {[%emt 0:00:00]} 2. Nf3 {[%emt 0:00:00]} Nf6 {[%emt 0:00:00]} 3. e3 {[%emt 0:00:00]} c5 {[%emt 0:00:09]} 4. c3 {[%emt 0:00:51]} e6 {[%emt 0:00:40]} 5. Bd3 {[%emt 0:00:22]} Nc6 {[%emt 0:05:02]} 6. Nbd2 {[%emt 0:00:19]} Bd6 {[%emt 0:01:06]} 7. dxc5 {[%emt 0:00:28]} Bxc5 {[%emt 0:00:13]} 8. O-O {[%emt 0:00:07]} O-O {[%emt 0:00:11]} 9. e4 {[%emt 0:00:07]} e5 {[%emt 0:17:18]} 10. exd5 {[%emt 0:02:34]} Qxd5 {[%emt 0:01:00]} 11. Qc2 {[%emt 0:02:45]} h6 {[%emt 0:10:56]} 12. Bc4 {[%emt 0:07:49]} Qd8 {[%emt 0:03:13]} 13. b4 {[%emt 0:11:28]} Bd6 {[%emt 0:01:39]} 14. h3 {[%emt 0:07:47]} b6 {[%emt 0:04:57]} 15. Re1 {[%emt 0:07:09]} Qc7 {[%emt 0:01:40]} 16. Ne4 {[%emt 0:05:31]} Nxe4 {[%emt 0:03:05]} 17. Qxe4 {[%emt 0:00:06]} Bb7 {[%emt 0:01:41]} 18. Bxh6 {[%emt 0:14:11]} Ne7 {[%emt 0:13:01]} 19. Qg4 {[%emt 0:00:41]} g6 {[%emt 0:00:11]} 20. Bxf8 {[%emt 0:06:24]} Rxf8 {[%emt 0:00:11]} 21. Ng5 {[%emt 0:07:42]} Nf5 {[%emt 0:03:09]} 22. Nxf7 {[%emt 0:05:27]} Rxf7 {[%emt 0:00:46]} 23. Qxg6+ {[%emt 0:00:08]} Kf8 {[%emt 0:00:13]} 24. Qxf7+ {[%emt 0:05:14]} Qxf7 {[%emt 0:00:06]} 25. Bxf7 {[%emt 0:00:05]} Kxf7 {[%emt 0:00:08]} 26. Rad1 {[%emt 0:03:35]} Ke6 {[%emt 0:00:30]} 27. a4 {[%emt 0:03:14]} Ne7 {[%emt 0:01:21]} 28. Rd3 {[%emt 0:04:50]} e4 {[%emt 0:01:53]} 29. f3 {[%emt 0:02:17]} a5 {[%emt 0:03:34]} 30. fxe4 {[%emt 0:01:39]} axb4 {[%emt 0:00:20]} 31. Rxd6+ {[%emt 0:01:01]} Kxd6 {[%emt 0:00:19]} 32. cxb4 {[%emt 0:00:02]} Ke5 {[%emt 0:00:16]} 33. a5 {[%emt 0:01:15]} b5 {[%emt 0:00:54]} 34. Rc1 {[%emt 0:00:32]} Bc6 {[%emt 0:01:49]} 35. Kf2 {[%emt 0:00:23]} Kxe4 {[%emt 0:00:19]} 36. Re1+ {[%emt 0:00:11]} 1-0

[Event "2. AUT Bundesliga 2020-21"]
[Site "Graz"]
[Date "2021.04.10"]
[Round "4.12"]
[White "Pretterhofer, Kiaras"]
[Black "Ring, Rudolf"]
[Result "1-0"]
[WhiteElo "1979"]
[BlackElo "1737"]
[Annotator "NA"]
[PlyCount "75"]
[EventDate "2021.01.17"]
[EventType "team-tourn"]
[EventCountry "AUT"]
[SourceTitle "playchess.com"]
[Source "ChessBase"]
[SourceQuality "1"]
[TimeControl "40/5400+30:1800+30"]

1. e4 {[%emt 0:00:00]} c5 {[%emt 0:00:00]} 2. Nc3 {[%emt 0:00:00]} Nc6 {[%emt 0:00:17]} 3. f4 {[%emt 0:00:23]} d6 {[%emt 0:00:38]} 4. Nf3 {[%emt 0:00:41]} Nf6 {[%emt 0:01:43]} 5. Bc4 {[%emt 0:01:39]} e6 {[%emt 0:06:11]} 6. O-O {[%emt 0:01:28]} Be7 {[%emt 0:00:34]} 7. d3 {[%emt 0:02:42]} O-O {[%emt 0:00:37]} 8. Kh1 {[%emt 0:05:21]} Na5 {[%emt 0:00:12]} 9. e5 {[%emt 0:04:57]} Ne8 {[%emt 0:00:42]} 10. a3 {[%emt 0:04:34]} d5 {[%emt 0:02:31]} 11. Ba2 {[%emt 0:00:21]} Nc6 {[%emt 0:00:48]} 12. Bd2 {[%emt 0:05:03]} a6 {[%emt 0:00:49]} 13. Qe1 {[%emt 0:07:47]} g6 {[%emt 0:06:02]} 14. f5 {[%emt 0:02:26]} exf5 {[%emt 0:24:47]} 15. Nxd5 {[%emt 0:02:45]} Be6 {[%emt 0:01:40]} 16. Nxe7+ {[%emt 0:00:23]} Qxe7 {[%emt 0:00:11]} 17. Bg5 {[%emt 0:03:20]} Qc7 {[%emt 0:03:54]} 18. Qh4 {[%emt 0:07:59]} Bxa2 {[%emt 0:12:41]} 19. Rxa2 {[%emt 0:00:08]} Nd8 {[%emt 0:00:14]} 20. Be7 {[%emt 0:01:34]} Ne6 {[%emt 0:00:50]} 21. Bxf8 {[%emt 0:00:13]} Kxf8 {[%emt 0:00:46]} 22. Qxh7 {[%emt 0:01:46]} Rd8 {[%emt 0:03:31]} 23. Raa1 {[%emt 0:01:07]} N8g7 {[%emt 0:07:59]} 24. Rae1 {[%emt 0:01:59]} Nh5 {[%emt 0:03:07]} 25. Ng5 {[%emt 0:06:15]} Nhg7 {[%emt 0:08:22]} 26. Nxe6+ {[%emt 0:00:20]} Nxe6 {[%emt 0:00:02]} 27. Qh8+ {[%emt 0:00:34]} Ke7 {[%emt 0:00:22]} 28. Qf6+ {[%emt 0:00:12]} Ke8 {[%emt 0:00:47]} 29. Rf3 {[%emt 0:00:19]} Qe7 {[%emt 0:03:53]} 30. Qxe7+ {[%emt 0:02:17]} Kxe7 {[%emt 0:00:01]} 31. g3 {[%emt 0:02:43]} Nd4 {[%emt 0:00:15]} 32. Rf2 {[%emt 0:00:15]} Ke6 {[%emt 0:00:19]} 33. Kg2 {[%emt 0:02:18]} b5 {[%emt 0:01:25]} 34. h4 {[%emt 0:02:39]} Nc6 {[%emt 0:00:14]} 35. g4 {[%emt 0:04:06]} Ne7 {[%emt 0:04:50]} 36. Kg3 {[%emt 0:03:38]} Rd5 {[%emt 0:00:52]} 37. h5 {[%emt 0:01:20]} Rd4 {[%emt 0:02:39]} 38. Rf4 {[%emt 0:01:22]} 1-0

[Event "2. AUT Bundesliga 2020-21"]
[Site "Graz"]
[Date "2021.04.10"]
[Round "4.13"]
[White "Csonka, Attila Istvan"]
[Black "Perunovic, Milos"]
[Result "1/2-1/2"]
[WhiteElo "2362"]
[BlackElo "2568"]
[Annotator "TA"]
[PlyCount "63"]
[EventDate "2021.01.17"]
[EventType "team-tourn"]
[EventCountry "AUT"]
[SourceTitle "playchess.com"]
[Source "ChessBase"]
[SourceQuality "1"]

{[%evp 11,63,35,29,22,32,22,50,35,45,35,40,31,35,31,60,54,44,48,62,61,43,34,34,33,41,0,0,0,16,0,0,0,15,10,15,0,0,0,0,-8,-8,-34,-6,-54,-54,-54,-54,-54,-45,-47,-46,-50,0,0]} 1. e4 c5 2. Nf3 Nc6 3. d4 cxd4 4. Nxd4 e6 5. Nc3 Qc7 6. Be3 a6 7. Qf3 {B48: Sicilian: Taimanov: 5 Nc3 Qc7 6 Be3 a6 without Be2.} b5 8. Qg3 Qxg3 9. hxg3 {White is slightly better.} ({Reject} 9. fxg3 Bb7 $11) 9... Bb7 10. Nxc6 Bxc6 11. Bd3 Nf6 12. f3 d5 {[#]} 13. exd5 $146 ({Predecessor:} 13. e5 Nd7 14. Bd4 Nc5 15. Ne2 Rc8 16. Kd2 h6 17. g4 Be7 18. f4 Kd7 19. Ng3 Nxd3 20. cxd3 {1-0 (68) Hohelj,S (2310)-Coullet,Y Paris 1994}) 13... Nxd5 14. Nxd5 Bxd5 15. a4 b4 16. Bd4 h6 17. a5 f6 18. Bg6+ Kd7 19. O-O-O Bd6 20. Bf2 Kc6 21. Rhe1 Rac8 22. Bf7 Kd7 23. Rxd5 exd5 24. Be6+ Kc6 {[#] Strongly threatening ...Rce8.} 25. Rd1 Bc5 26. Bxc5 (26. Bxc8 {feels hotter.} Rxc8 27. Bxc5 Kxc5 28. Re1 Kd6 29. Kd2) 26... Kxc5 (26... Rce8 {with more complications.} 27. Bf7 Kxc5 28. Bxe8 Rxe8 29. Kd2 h5) 27. Rxd5+ (27. Bxc8 {is more complex.} Rxc8 28. Re1 Kd6 29. Kd2 Rc5 30. Ra1) 27... Kc6 {...Rce8 is the strong threat.} 28. Bxc8 {[#] aiming for Be6.} Kxd5 29. Bxa6 $11 {KR-KB} Kc5 {And now ...Ra8 would win.} 30. Bd3 Re8 {[%mdl 1024] Black has compensation.} 31. Kd2 Re5 32. g4 {Weighted Error Value: White=0.08/Black=0.07} 1/2-1/2

[Event "2. AUT Bundesliga 2020-21"]
[Site "Graz"]
[Date "2021.04.10"]
[Round "4.14"]
[White "Kadric, Denis"]
[Black "Kiss, Attila"]
[Result "1-0"]
[WhiteElo "2577"]
[BlackElo "2312"]
[Annotator "TA"]
[PlyCount "91"]
[EventDate "2021.01.17"]
[EventType "team-tourn"]
[EventCountry "AUT"]
[SourceTitle "playchess.com"]
[Source "ChessBase"]
[SourceQuality "1"]

{[%evp 17,90,13,17,11,21,15,20,43,47,0,114,104,164,179,160,129,139,91,100,45,57,57,46,44,365,369,375,360,349,354,472,193,208,181,213,209,192,191,181,130,222,210,275,280,683,665,781,762,822,800,691,739,850,843,433,454,955,419,964,492,29975,29978,29977,29978,29978,29979,29975,29971,29975,29949,29986,29987,29997,29998,29999]} 1. e4 c5 2. Nc3 Nc6 3. Nge2 Nf6 4. d4 cxd4 5. Nxd4 d6 6. Bc4 e6 7. Be3 Be7 8. Qe2 a6 9. O-O-O Qc7 10. Nxc6 {B89: Sicilian: Velimirovic Attack.} Qxc6 11. Bd3 {[#]} O-O $146 ({Predecessor:} 11... Nd7 12. f4 Nc5 13. Bd4 O-O 14. f5 f6 15. Qh5 b5 16. a3 Rb8 17. Rhf1 Qe8 {½-½ (33) Straka,Z (2568)-Miras Garcia,E (2527) ICCF email 2015}) 12. f4 {The position is equal.} Nd7 13. Bd4 Re8 {[#]} (13... b5 $11) 14. e5 $1 $16 Nc5 (14... dxe5 $16 15. fxe5 Nc5) 15. Bxc5 $18 dxc5 16. Be4 $40 {[%mdl 128] Black is in trouble.} Qc7 17. Qh5 g6 18. Qf3 ({White should play} 18. Qh6 $16) 18... Rb8 $1 $14 19. h4 b5 $1 20. h5 {Black must now prevent hxg6.} Bf8 $2 {[%mdl 8192] Black cannot hold the game after this.} ({Better is} 20... g5 $1 $14) 21. hxg6 $18 fxg6 22. Qh3 Qf7 23. Bc6 Re7 24. g3 (24. Ne4 $142 {Nf6+ is the strong threat.} Bb7 25. Nf6+ Kh8 26. Bxb7 Rexb7 27. Qe3) 24... Bb7 25. Bxb7 Rexb7 26. Ne4 Be7 27. Rd2 h5 28. Rd6 Bxd6 (28... Qf5 $16) 29. Nxd6 Qe7 {[#]} 30. g4 $1 h4 $2 (30... Kh8 31. Nxb7 Rxb7 32. gxh5 g5) 31. g5 Rd7 32. Ne4 Kf7 33. Qxh4 {Qh7+ would kill now.} Rg8 34. Nf6 {[%mdl 64] Double Attack} Rg7 35. Nxd7 Qxd7 {[%mdl 4096] Endgame KQR-KQR} 36. Rd1 Qc8 (36... Qe8 $142 37. Rd6 Kg8) 37. Rd6 (37. f5 $142 {White wants to mate with f6.} exf5 38. Rd6) 37... c4 (37... Kg8 $142 38. Qh1 Re7) 38. Qh3 Rg8 (38... Kg8 $18 39. Qxe6+ Qxe6 40. Rxe6 a5) 39. f5 {White mates.} Rh8 40. fxe6+ Ke7 41. Qf3 {[%csl Ge6][%cal Rf3f7]} Rf8 42. Qh1 Rh8 43. Qe4 c3 44. bxc3 {[%mdl 64] Overworked Piece} Qxc3 45. Qb7+ {[%mdl 64] Double Attack} Ke8 46. Qf7# {Weighted Error Value: White=0.37/Black=0.61} 1-0

[Event "2. AUT Bundesliga 2020-21"]
[Site "Graz"]
[Date "2021.04.10"]
[Round "4.15"]
[White "Marakovits, Nico"]
[Black "Ftacnik, Lubomir"]
[Result "1/2-1/2"]
[WhiteElo "2214"]
[BlackElo "2512"]
[Annotator "TA"]
[PlyCount "91"]
[EventDate "2021.01.17"]
[EventType "team-tourn"]
[EventCountry "AUT"]
[SourceTitle "playchess.com"]
[Source "ChessBase"]
[SourceQuality "1"]

{[%evp 20,91,27,25,33,31,25,25,71,65,82,14,17,14,17,15,15,17,26,-16,-28,-26,-31,-31,-12,-1,-10,-13,-13,-13,-12,-41,0,-51,-44,-32,-33,-65,-60,-68,12,0,7,0,0,0,0,0,0,0,0,0,25,31,117,0,0,0,0,0,0,0,0,0,0,0,0,0,0,0,0,0,0,0]} 1. d4 Nf6 2. c4 g6 3. Nc3 d5 4. cxd5 Nxd5 5. e4 Nxc3 6. bxc3 Bg7 7. Bc4 c5 8. Ne2 Nc6 9. Be3 O-O 10. O-O Bd7 {10...Bg4 is the modern continuation.} 11. Rb1 Qc7 {D87: Exchange Grünfeld: Classical Line: Variations without ...cxd4.} 12. Bd3 Rad8 13. Qc1 e5 {[%cal Re5d4] White has an edge.} 14. d5 {[#]} Ne7 $146 ({Predecessor:} 14... Na5 15. c4 b6 16. Nc3 Nb7 17. a4 Nd6 18. a5 f5 19. f3 fxe4 20. Nxe4 Nf5 {1-0 (29) Salzmann,S (2041)-Puleston,T (1185) LSS email 2012}) 15. Bb5 (15. c4 $16) 15... Bxb5 $11 16. Rxb5 b6 17. c4 Nc8 18. Qc2 f5 19. f3 fxe4 20. fxe4 Rxf1+ 21. Kxf1 Qe7 {With the idea ...Qh4.} 22. Kg1 Nd6 23. Rb1 Qh4 24. Ng3 Rf8 25. Qd3 h5 26. Re1 (26. a4 $11) 26... Qg4 $15 27. Bf2 h4 28. Nf1 h3 $1 {[%csl Gh3][%cal Rg4g2]} 29. Bg3 Nf7 (29... Bh6 $15) 30. Ne3 (30. Qe2 {seems wilder.} Qxe2 31. Rxe2 Re8 32. Rf2 Nd6 33. Nd2) 30... Qd7 31. Rf1 hxg2 32. Kxg2 Ng5 33. Rxf8+ Kxf8 34. h4 Nf7 35. Qe2 Nd6 36. h5 Qf7 {[#]} (36... gxh5 $1 $14 37. Qxh5 Qf7) 37. hxg6 ({White has to play} 37. h6 $1 $16 {[%cal Rh6g7]} Bxh6 38. Ng4 {[%mdl 64] Double Attack}) 37... Qxg6 $11 {The position is equal.} 38. Qf3+ Ke7 39. Nf5+ Nxf5 40. exf5 Qg5 41. d6+ {[%mdl 64] [#] Decoy} Kxd6 42. Qd5+ Ke7 43. Qe6+ Kf8 44. Qc8+ Kf7 45. Qe6+ Kf8 46. Qc8+ {Weighted Error Value: White=0.15/Black=0.13} 1/2-1/2

[Event "2. AUT Bundesliga 2020-21"]
[Site "Graz"]
[Date "2021.04.10"]
[Round "4.16"]
[White "Tadic, Branko"]
[Black "Stradner, Stefan"]
[Result "0-1"]
[WhiteElo "2487"]
[BlackElo "2124"]
[Annotator "TA"]
[PlyCount "146"]
[EventDate "2021.01.17"]
[EventType "team-tourn"]
[EventCountry "AUT"]
[SourceTitle "playchess.com"]
[Source "ChessBase"]
[SourceQuality "1"]

{[%evp 14,146,45,16,28,17,35,43,49,12,98,97,80,59,58,66,66,32,96,94,106,99,112,121,121,92,122,93,122,120,112,105,114,108,146,109,136,93,93,74,81,83,153,4,6,0,7,3,58,0,0,0,0,0,21,0,0,0,0,0,0,0,0,0,0,0,51,4,4,0,51,51,51,13,51,11,50,0,43,0,10,0,0,0,0,0,0,0,0,0,0,0,0,0,0,0,0,0,0,0,0,0,0,0,0,0,0,0,0,0,0,0,0,0,0,-352,-341,-1163,-1042,-1482,-1304,-1948,-1831,-2045,-1874,-29964,-29967,-4627,-4622,-29985,-29986,-29987,-29987,-29990,-29989]} 1. Nf3 Nf6 2. c4 g6 3. g3 Bg7 4. Bg2 O-O 5. d4 d6 6. O-O Nc6 7. Nc3 a6 8. Bf4 {8.b3 is becoming the main line.} Rb8 {E63: King's Indian: Fianchetto: Panno Variation with 7...a6.} 9. Rc1 h6 10. h3 g5 {White is slightly better.} 11. Bd2 g4 (11... e5 $11) 12. hxg4 $16 Nxg4 13. d5 Nce5 14. b3 c5 {[#]} 15. Qc2 $146 (15. dxc6 $5 bxc6 16. Qc2 $14) ({Predecessor:} 15. dxc6 bxc6 16. Nxe5 Nxe5 17. Bf4 c5 18. Qd2 Kh7 19. Qc2+ Ng6 20. Bd2 Bb7 21. Nd5 {1-0 (47) Grabarczyk,M (2436)-Bluhm,S (2126) Lueneburg 2015}) 15... Nxf3+ (15... b5 $14) 16. exf3 Ne5 17. Nd1 f5 18. f4 Ng4 19. Bc3 Qe8 20. Re1 Qf7 21. Bf3 Bd7 22. Kg2 Rbe8 23. Qb2 Bxc3 24. Qxc3 Qf6 25. Rc2 b5 26. Rce2 Qxc3 27. Nxc3 b4 {[#]} (27... Rf7 $142) 28. Bxg4 (28. Na4 $1 $16) 28... fxg4 $11 29. Nd1 Kf7 30. f3 Rg8 (30... h5 $11) 31. Nf2 ({White should try} 31. Ne3 $1 $14) 31... gxf3+ 32. Kxf3 h5 33. Re3 Bg4+ 34. Kg2 Bf5 35. Nh3 Kf6 36. Ng5 a5 37. Kf2 Rh8 38. Rh1 Bg4 39. a4 Bf5 ({Better is} 39... bxa3 $11 40. Ra1 h4) 40. Ne4+ Kf7 41. Rhe1 Bg4 ({Black should play} 41... h4 $11) 42. Ng5+ Kf6 $1 43. Nf3 Rh7 44. Nd2 {[#] aiming for Ne4+.} Rhh8 45. Nf3 Rh7 46. Nh4 Rg8 47. f5 (47. Rh1 {feels hotter.} Rhg7 48. Ree1 Bd7 49. Rhg1 Bg4 50. Re3) 47... Kg5 48. Rxe7 Rxe7 49. Rxe7 Bxf5 50. Nxf5 Kxf5 {[%mdl 4096] Endgame KR-KR} 51. Kf3 Rf8 52. Re6 Rd8 53. Kf2 Rd7 54. Kg2 Kg4 55. Re4+ Kf5 56. Re8 Kg4 57. Re6 Rd8 58. Re7 Rg8 59. Re6 Rd8 60. Re7 Rg8 61. Re4+ Kf5 62. Rf4+ Ke5 {And now ...Rg4 would win.} 63. Kh3 Rg4 64. Rf8 $2 {[%mdl 8192]} (64. Rxg4 $11 {and White stays safe.} hxg4+ 65. Kxg4) 64... Kd4 $19 {Hoping for ...Kc3.} 65. Rf6 $2 (65. Rf3) 65... Kc3 66. Rxd6 Kxb3 67. Ra6 Rxc4 68. Rxa5 Rd4 69. Rxc5 Kxa4 70. d6 b3 {[%cal Bb4b3,Bb3b2][%mdl 32]} 71. Rc6 b2 {Black mates.} 72. Rb6 Rb4 73. Ra6+ Kb3 {Weighted Error Value: White=0.18/Black=0.15} 0-1

[Event "2. AUT Bundesliga 2020-21"]
[Site "Graz"]
[Date "2021.04.10"]
[Round "4.17"]
[White "Toelly, Michael"]
[Black "Milanovic, Danilo"]
[Result "0-1"]
[WhiteElo "2094"]
[BlackElo "2466"]
[Annotator "ChessBase"]
[PlyCount "96"]
[EventDate "2021.01.17"]
[EventType "team-tourn"]
[EventCountry "AUT"]
[SourceTitle "playchess.com"]
[Source "ChessBase"]
[SourceQuality "1"]
[TimeControl "40/5400+30:1800+30"]

1. e4 {[%emt 0:00:00]} d5 {[%emt 0:00:00]} 2. exd5 {[%emt 0:00:00]} Qxd5 {[%emt 0:00:00]} 3. Nc3 {[%emt 0:00:00]} Qd8 {[%emt 0:00:00]} 4. Nf3 {[%emt 0:02:12]} Nf6 {[%emt 0:00:32]} 5. Bb5+ {[%emt 0:02:20]} c6 {[%emt 0:01:24]} 6. Bc4 {[%emt 0:01:41]} Bf5 {[%emt 0:09:39]} 7. d3 {[%emt 0:04:21]} e6 {[%emt 0:02:46]} 8. Bf4 {[%emt 0:01:27]} Be7 {[%emt 0:08:45]} 9. Qd2 {[%emt 0:02:36]} Nbd7 {[%emt 0:07:33]} 10. O-O {[%emt 0:05:28]} O-O {[%emt 0:06:22]} 11. Rfe1 {[%emt 0:06:07]} Nb6 {[%emt 0:18:59]} 12. Bb3 {[%emt 0:01:20]} a5 {[%emt 0:01:22]} 13. a3 {[%emt 0:02:19]} Nbd5 {[%emt 0:00:44]} 14. Nxd5 {[%emt 0:04:21]} Nxd5 {[%emt 0:01:26]} 15. Be5 {[%emt 0:02:03]} Bg4 {[%emt 0:02:56]} 16. Bxd5 {[%emt 0:04:53]} Qxd5 {[%emt 0:01:35]} 17. Qf4 {[%emt 0:05:04]} Bxf3 {[%emt 0:08:54]} 18. Qxf3 {[%emt 0:00:12]} Qxf3 {[%emt 0:00:15]} 19. gxf3 {[%emt 0:00:03]} a4 {[%emt 0:00:15]} 20. Kg2 {[%emt 0:09:27]} f6 {[%emt 0:08:31]} 21. Bc3 {[%emt 0:00:41]} Kf7 {[%emt 0:00:05]} 22. f4 {[%emt 0:03:09]} Bd6 {[%emt 0:01:07]} 23. Kf3 {[%emt 0:00:08]} b5 {[%emt 0:02:12]} 24. d4 {[%emt 0:22:44]} Rfd8 {[%emt 0:07:42]} 25. Re3 {[%emt 0:11:55]} Rd7 {[%emt 0:07:21]} 26. Rae1 {[%emt 0:03:35]} Re7 {[%emt 0:00:21]} 27. Bb4 {[%emt 0:03:13]} Bxb4 {[%emt 0:01:09]} 28. axb4 {[%emt 0:00:01]} Rd8 {[%emt 0:00:06]} 29. f5 {[%emt 0:01:05]} Rxd4 {[%emt 0:00:07]} 30. fxe6+ {[%emt 0:00:41]} Ke8 {[%emt 0:00:24]} 31. Rc3 {[%emt 0:01:26]} Rd6 {[%emt 0:00:19]} 32. Rce3 {[%emt 0:00:19]} Rc7 {[%emt 0:00:20]} 33. Kf4 {[%emt 0:00:59]} Ke7 {[%emt 0:02:39]} 34. Kg4 {[%emt 0:00:27]} c5 {[%emt 0:00:21]} 35. bxc5 {[%emt 0:00:32]} Rxc5 {[%emt 0:00:06]} 36. R1e2 {[%emt 0:00:15]} Rc4+ {[%emt 0:00:18]} 37. Kg3 {[%emt 0:00:27]} Rcc6 {[%emt 0:00:18]} 38. Kf4 {[%emt 0:00:51]} Rxe6 {[%emt 0:00:28]} 39. Rd2 {[%emt 0:00:19]} Rc4+ {[%emt 0:00:43]} 40. Kf3 {[%emt 0:00:00]} Rxe3+ {[%emt 0:00:00]} 41. Kxe3 {[%emt 0:00:40]} g5 {[%emt 0:06:28]} 42. Kf3 {[%emt 0:05:25]} Ke6 {[%emt 0:02:00]} 43. Kg3 {[%emt 0:02:40]} h5 {[%emt 0:02:28]} 44. Kf3 {[%emt 0:01:34]} Ke5 {[%emt 0:00:23]} 45. Kg3 {[%emt 0:03:13]} Rd4 {[%emt 0:01:30]} 46. Re2+ {[%emt 0:00:14]} Kd5 {[%emt 0:00:06]} 47. Kf3 {[%emt 0:00:37]} Rb4 {[%emt 0:01:34]} 48. Ke3 {[%emt 0:01:39]} Re4+ {[%emt 0:00:08]} 0-1

[Event "2. AUT Bundesliga 2020-21"]
[Site "Graz"]
[Date "2021.04.10"]
[Round "4.18"]
[White "Borhy, Marcell"]
[Black "Leitgeb, Julian"]
[Result "1-0"]
[WhiteElo "2392"]
[BlackElo "1752"]
[Annotator "TA"]
[PlyCount "75"]
[EventDate "2021.01.17"]
[EventType "team-tourn"]
[EventCountry "AUT"]
[SourceTitle "playchess.com"]
[Source "ChessBase"]
[SourceQuality "1"]

{[%evp 9,75,13,12,10,15,10,15,18,21,0,19,0,0,0,0,-10,-8,0,1,0,0,19,33,32,40,0,68,61,56,48,38,39,105,70,133,121,182,115,110,105,124,75,270,120,170,115,1232,1202,1241,1232,2116,2094,2067,1152,2018,1960,2890,682,29990,694,29988,1780,1652,1623,1501,1153,2647,2562]} 1. Nf3 Nf6 2. g3 d5 3. Bg2 e6 4. O-O Be7 5. c4 d4 6. d3 {A14: English Opening: 1...e6 with b3 by White.} c5 7. e3 Nc6 8. exd4 {The position is equal.} cxd4 9. Bg5 O-O 10. Nbd2 h6 11. Bxf6 Bxf6 12. a3 a5 13. Re1 Re8 {[#]} 14. c5 $146 ({Predecessor:} 14. Rc1 Bd7 15. c5 Be7 16. Qe2 a4 17. Nc4 Bxc5 18. Nfe5 Rf8 19. Qc2 Be8 20. Nxc6 Bxc6 21. Bxc6 bxc6 {½-½ (33) Koegeler,A (2150)-Sutkalenko,D (2271) ICCF email 2016}) 14... Be7 15. Rc1 Bf8 16. Qa4 Ra6 17. Qb5 e5 (17... a4 $11) 18. Nc4 $14 {[%cal Rf3e5]} Na7 19. Qb3 a4 20. Qd1 f6 (20... Bxc5 $14 21. Rxe5 (21. Ncxe5 Bd6 $14) 21... Rxe5 22. Nfxe5 (22. Ncxe5 Bd6 $14) 22... Bf8) 21. Nb6 Bd7 (21... Bg4 $14) 22. Nh4 $16 Qc7 (22... Bc6 $16) 23. Bd5+ (23. Nxd7 $18 Qxd7 24. Qh5) 23... Be6 24. Bxe6+ Rxe6 25. Nxa4 Qa5 $2 (25... Qf7 $16 {was called for.}) 26. Rc4 (26. Nb6 $18 {is the precise move to win.}) 26... Rec6 27. Ng6 ({White should play} 27. Nb6 $18) 27... Qb5 {[%mdl 8192]} (27... b5 $16 28. cxb6 Rxc4 29. dxc4 Qxa4) 28. Rb4 $18 Qa5 29. Qb3+ Re6 30. Nb6 Bxc5 31. Qxe6+ Kh7 {[#]} 32. Qf5 $1 {White threatens Rxe5! and mate.} Bxb4 (32... Kg8 33. Nd5) 33. Nc4 (33. axb4 $142 Qa2 34. Nxe5+ {[%mdl 64] Discovered Attack} Kg8 35. Nec4) 33... Qc5 {intending ...Qc8.} 34. axb4 (34. Ne7+ $142 Kh8 35. Nxe5 Qxe7 {[%mdl 64] Pin} 36. Ng6+ {[%mdl 64] Double Attack, Discovered Attack} Kg8 37. Rxe7 Ra5 38. Qe6+ Kh7 39. Qf7) 34... Qxb4 {[#]} 35. Ngxe5+ (35. Rxe5 $142 $1 {[%mdl 512]} Ra1+ 36. Kg2 Re1 37. Nf8+ {[%mdl 64] Discovered Attack (Double check)} Kg8 38. Qe6+ Kh8 39. Ng6+ Kh7 40. Rxe1) 35... Kg8 {White is clearly winning.} 36. Nf3 Qf8 37. Qd5+ Kh8 38. Qxb7 {Weighted Error Value: White=0.56/Black=0.81} 1-0

[Event "2. AUT Bundesliga 2020-21"]
[Site "Graz"]
[Date "2021.04.11"]
[Round "5.1"]
[White "Perunovic, Milos"]
[Black "Dietmayer-Kraeutler, Marco"]
[Result "1-0"]
[WhiteElo "2568"]
[BlackElo "2284"]
[Annotator "TA"]
[PlyCount "83"]
[EventDate "2021.01.17"]
[EventType "team-tourn"]
[EventCountry "AUT"]
[SourceTitle "playchess.com"]
[Source "ChessBase"]
[SourceQuality "1"]

{[%evp 11,83,32,45,29,42,31,37,17,50,34,92,74,78,78,98,87,123,125,114,101,95,100,237,232,218,237,220,118,237,235,242,224,240,237,256,257,311,308,300,290,370,341,353,333,348,352,481,514,513,491,506,489,802,545,1830,1068,29985,29986,29987,1225,2306,0,29986,0,1817,1155,1150,1147,1128,1115,1090,1033,999,987]} 1. e4 e5 2. Nf3 Nc6 3. d4 exd4 4. Nxd4 Bc5 5. Nb3 Bb4+ 6. c3 Be7 7. Bf4 {C45: Scotch Game.} Bg5 8. Bg3 d6 9. N1d2 {[#] White is slightly better.} Nf6 $146 ({Predecessor:} 9... Nge7 10. f4 Bh6 11. Qf3 O-O 12. Bf2 f5 13. exf5 Nxf5 14. O-O-O Kh8 15. h4 Nfe7 {0-1 (34) Matlakov,M (2698)-Fedoseev,V (2674) Moscow 2020}) 10. Bb5 Bg4 (10... O-O $14) 11. f3 $16 Bd7 12. f4 Bh6 13. O-O Bg4 14. Qe1 Nh5 15. Nd4 Nxg3 16. Nxc6 Qd7 (16... bxc6 $16 {was called for.} 17. Bxc6+ {[%mdl 64] Double Attack} (17. Qxg3 Bd7 $11) 17... Bd7 18. Bxd7+ Qxd7 19. Qxg3 (19. hxg3 O-O $16) 19... O-O) 17. Nd4 $18 (17. Qxg3 bxc6 18. Bd3 (18. Bxc6 Qxc6 19. Qxg4 Qb6+ 20. Kh1 Qxb2 $11 {[%mdl 64] Double Attack}) 18... Rb8 $14) 17... c6 18. Qxg3 ({Much less strong is} 18. hxg3 $6 cxb5 19. Nf5 O-O-O $16) 18... cxb5 19. Qd3 ({Better is} 19. Rf2 $18) 19... a6 {[#]} (19... O-O $16 20. h3 (20. Nxb5 d5 $16) (20. Qxb5 Qxb5 21. Nxb5 Be2 $14) 20... Be6) 20. f5 $1 Bh5 {[#]} 21. N2b3 $1 f6 22. Ne6 Bf7 23. Nbd4 Ke7 24. Rad1 Rac8 25. Qg3 Rhg8 26. Rd3 b4 27. Rfd1 ({Less strong is} 27. cxb4 Rc1 $18) 27... bxc3 28. bxc3 ({Not} 28. Rxc3 Rxc3 29. bxc3 Rc8 $16) 28... Bh5 29. Nf3 Bxf3 30. Qxf3 Rc6 31. g4 Rb6 (31... Qc8 $142 32. Kh1 Qd7) 32. e5 Qb5 33. Rd5 Qc4 34. exd6+ Kd7 35. Nc5+ (35. Rc5 $142 Be3+ 36. Qxe3 Qxg4+ 37. Kf2 Rb2+ 38. Ke1 Re2+ 39. Qxe2 Qg1+ 40. Kd2) 35... Kd8 36. Ne6+ (36. g5 $18) 36... Kd7 37. Nc5+ (37. Rc5 $142 Be3+ 38. Qxe3 Qxg4+ 39. Kf2 Rb2+ 40. Ke1 Re2+ 41. Qxe2 Qg1+ 42. Kd2) 37... Kd8 38. d7 {White is clearly winning.} Qf4 39. Qxf4 Bxf4 40. Ne6+ Rxe6 41. fxe6 Bc7 42. Kg2 {Black got outplayed after the opening.  Weighted Error Value: White=0.62/Black=0.57} 1-0